Pokémon Go: Highest CP by Type #2 - Statistics

General Stats
  • This quiz has been taken 103 times
    45 since last reset
  • The average score is 23 of 31
Answer Stats
Type Max CP Pokémon Region % Correct
Water 4 652 Kyogre Hoenn
91%
Ghost 3 254 Gengar Kanto
88%
Bug 3 922 Buzzwole Alola
84%
Steel 4 565 Dialga Sinnoh
84%
Ghost 3 820 Giratina (Altered) Sinnoh
84%
Ghost 4 164 Giratina (Origin) Sinnoh
84%
Fire 3 917 Moltres Kanto
84%
Water 4 512 Palkia Sinnoh
84%
Water 3 834 Gyarados Kanto
81%
Steel 4 069 Melmetal n/a
81%
Bug 3 575 Golisopod Alola
75%
Water 3 575 Golisopod Alola
75%
Fire 4 367 Ho-Oh Johto
75%
Fire 4 565 Reshiram Unova
75%
Steel 4 244 Heatran Sinnoh
72%
Fire 4 244 Heatran Sinnoh
72%
Steel 4 156 Kartana Alola
72%
Grass 4 156 Kartana Alola
72%
Grass 3 691 Celebi Johto
69%
Fire 3 926 Entei Johto
69%
Steel 4 286 Metagross Hoenn
69%
Grass 3 691 Shaymin (Land Forme) Sinnoh
69%
Grass 4 061 Shaymin (Sky Forme) Sinnoh
69%
Grass 4 334 Zarude Galar
69%
Ghost 3 695 Chandelure Unova
66%
Bug 3 506 Heracross Johto
66%
Bug 3 791 Genesect Unova
63%
Ghost 3 797 Hoopa (Confined) Kalos
56%
Water 3 618 Primarina Alola
56%
Grass 3 865 Tapu Bulu Alola
56%
Bug 3 524 Vikavolt Alola
56%
No matching quizzes found
Score Distribution
Percent of People with Each Score
Percentile by Number Answered
Your Score History
You have not taken this quiz since the last reset